Teoría de juegos

Guardat en:
Dades bibliogràfiques
Autors principals: Pérez Navarro, Joaquín (Autor), Jimeno Pastor, José Luis (Autor), Cerdá Tena, Emilio (Autor)
Format: Llibre
Idioma:espanyol
Publicat: Madrid Pearson Educación 2004
Matèries:
Etiquetes: Afegir etiqueta
Sense etiquetes, Sigues el primer a etiquetar aquest registre!

MARC

LEADER 00000nam a2200000 a 4500
001 UCL9916
003 CL-VaPUC
008 040903e20040000SP |||||||||||||||||spa|d
020 |a 8420537268 
082 0 4 |a 519.3  |b PER  |2 21 
100 0 |a Pérez Navarro, Joaquín  |e author  |9 487838 
700 0 |a Jimeno Pastor, José Luis  |e author  |9 487839 
700 0 |a Cerdá Tena, Emilio  |e author  |9 487840 
245 1 0 |a Teoría de juegos 
300 |a 513 p 
942 |c BK 
945 |d 20040903 00:00:00  |a cmena 
260 |a Madrid  |b Pearson Educación  |c 2004 
650 0 |a Teoría de juegos  |9 263826 
650 0 |a Toma de decisiones   |9 257530 
650 0 |a Economía   |9 255568 
650 0 |a Modelos matemáticos   |9 259437 
583 |a last modification  |c 20040903 00:00:00  |k Rodrigo Vera 
999 |c 310532  |d 310530 
952 |0 0  |1 0  |4 0  |6 519_300000000000000_PER_2004  |7 0  |8 R  |9 379112  |a BIBENE  |b BIBENE  |d 2019-11-21  |i 4049721  |o 519.3 PER 2004  |p 4049721  |r 2025-01-15  |w 2019-11-21  |y BK_R  |k ICO 
952 |0 0  |1 0  |4 0  |6 519_300000000000000_PER_2004  |7 0  |8 R  |9 379113  |a BIBGIM  |b BIBGIM  |d 2019-11-21  |i 4079906  |o 519.3 PER 2004  |p 4079906  |r 2025-01-15  |w 2019-11-21  |y BK_R  |k COM